Environmental ethics an interdisciplinary journal dedicated to the philosophical aspects of environmental problems

Na minha lista:
Detalhes bibliográficos
Formato: Periódico
Idioma:inglês
Publicado em: Denton <The> University of North Texas 2005
Assuntos:
Tags: Adicionar Tag
Sem tags, seja o primeiro a adicionar uma tag!

MARC

LEADER 00000nas2a2200000 4500
001 0089367
005 20090115100112.8
022 |a 0163-4275 
041 0 |a eng 
044 |a US 
245 1 0 |a Environmental ethics  |b an interdisciplinary journal dedicated to the philosophical aspects of environmental problems 
264 1 |a Denton  |b <The> University of North Texas  |c 2005 
773 0 |w eu_un_cat*0006857 
610 2 0 |a etika environmentálna 
610 2 0 |a prostredie životné 
610 2 0 |a etika 
610 2 0 |a filozofia